000 00265nam a2200097Ia 4500
001 643383
005 20250826153544.0
008 250824s9999 xx 000 0 und d
245 0 _aŞİRİN İZCİ KAMPINDAN BİLDİRİYOR
_cBİRSEN EKİM ÖZEN
260 _bGENÇ TİMAŞ
999 _c643383
_d643383